| 000 | 00344nam a22001217a 4500 | ||
|---|---|---|---|
| 020 | _aNA | ||
| 082 |
_222 _a362.50947 |
||
| 100 | _aKlugman Jemi . | ||
| 245 | _aPoverty in russia : public policy and private responses / | ||
| 260 |
_aWorld Bank Washington D.C. _bWorld Bank Washington D.C. |
||
| 300 |
_aXiii;281 p, ; _bNA _c24cm. |
||
| 942 |
_2ddc _cGEN |
||
| 999 |
_c3444 _d3444 |
||